[Event "Stay Safe Play From Home 292"]
[Site "Emanuel Lasker Arena"]
[Date "2020.07.10"]
[Round "2"]
[White "Mepe_Nika"]
[Black "MarkonY"]
[Result "1-0"]
[WhiteElo "2358"]
[BlackElo "2327"]
[Annotator "TA"]
[PlyCount "113"]
[EventDate "2020.07.10"]
[EventType "swiss (blitz)"]

{[%evp 9,112,18,32,7,12,10,15,17,18,0,27,-21,0,0,0,0,31,37,27,0,29,29,32,28,106,20,131,52,90,0,-4,-8,12,0,79,84,84,16,16,8,13,-16,36,36,56,0,0,0,37,-118,-117,-115,-118,-114,-112,-156,-63,-113,-113,-122,-35,-98,-98,-113,-116,-113,-62,-67,-69,-87,0,-116,-59,-76,-76,-62,29988,29989,29989,29990,29990,29991,29993,29990,29991,29992,29994,29992,29993,29989,29989,29990,29990,29991,29991,29992,29993,29992,29994,29993,29998,29997,29997,29994,29999]} 1. d4 c5 2. c3 d5 3. Nf3 Nc6 4. Bf4 cxd4 5. cxd4 Bf5 6. Nc3 {White wants to play Qb3. D02: 1 d4 d5 2 Nf3 sidelines, including 2...Nf6 3 g3 and 2...Nf6 3 Bf4.} e6 7. e3 Bb4 8. Qb3 {The position is equal.} Nge7 {[#]} 9. Bb5 $146 {And now Qxb4 would win.} ({Predecessor:} 9. Be2 O-O 10. O-O Bxc3 11. Qxc3 Qb6 12. Rfc1 Rac8 13. Qb3 Qxb3 14. axb3 a6 15. Rc3 {½-½ (28) Larcheveque,F (1985)-Appavou,C (1734) Montigny le Bretonneux 2019}) 9... O-O 10. Ne5 Ba5 11. O-O Nxe5 12. Bxe5 a6 13. Be2 b5 14. Rac1 Ng6 15. Bg3 Rc8 16. a3 Qe7 (16... Qb6 $11) 17. h3 (17. a4 $16) 17... f6 (17... Qg5 $11) 18. Rfd1 (18. a4 $16) 18... Rfd8 19. Bd3 ({White should play} 19. Bh2 $16) 19... Bxd3 $11 20. Rxd3 Nf8 21. Rd2 Nd7 (21... Qd7 $11 {keeps the balance.}) 22. Rdc2 $16 {aiming for Nxd5.} Rc4 23. Ne2 (23. a4 $16) 23... Rdc8 $11 24. Rxc4 dxc4 25. Qc2 e5 (25... Nb6 $11) 26. dxe5 fxe5 27. Nc3 (27. b4 $14 Bc7 28. Nc3) 27... Nc5 28. Rd1 Nd3 {[#]} 29. Rxd3 $2 (29. Nxb5 $1 $14 {[%mdl 512] keeps the upper hand.} Ne1 (29... axb5 30. Rxd3) 30. Qe4 axb5 31. Qd5+ Qf7 32. Qxb5) 29... cxd3 $17 30. Qxd3 Bxc3 $1 31. bxc3 $14 {[%mdl 4096] Endgame KQR-KQB} Qe6 ({Don't do} 31... Qxa3 32. Qd5+ Kh8 33. Bxe5 $11) 32. Kh2 g6 ({Black should try} 32... e4 $17 33. Qd4 Rc4) 33. h4 h5 34. Qe4 Re8 (34... Rc4 $17 35. Qa8+ Rc8) 35. Qb7 ({Better is} 35. a4 $15) 35... Re7 $17 36. Qa8+ Kf7 37. Qe4 Qf5 (37... Qc4 $17 38. Qf3+ Kg7) 38. Qc6 Qf6 39. Qd5+ Qe6 (39... Kg7 $17) 40. Qd8 (40. Qe4 $11) 40... e4 (40... Qc6 $17 41. Qh8 Qf6) 41. Qh8 $15 Qf6 42. Qa8 Qc6 $2 {[%mdl 8192] Now Black is done in.} (42... Kg7 $15) 43. Qxc6 {White mates.} b4 44. axb4 a5 45. Qd5+ Re6 46. Qxa5 Kf6 47. Qd5 Kf7 48. b5 Ke7 {[#]} 49. Qxe6+ $1 Kxe6 {KB-K3P} 50. b6 Kd5 51. b7 Kc4 52. b8=Q Kd3 53. Qe5 Ke2 54. Qxe4 Kf1 55. Qxg6 Ke2 56. Qxh5+ Kf1 57. Qd1# {Accuracy: White = 50%, Black = 48%.} 1-0

[Event "Stay Safe Play From Home 292"]
[Site "Emanuel Lasker Arena"]
[Date "2020.07.10"]
[Round "2"]
[White "Little champs"]
[Black "Grazie"]
[Result "1-0"]
[WhiteElo "2302"]
[BlackElo "1928"]
[Annotator "TA"]
[PlyCount "81"]
[EventDate "2020.07.10"]
[EventType "swiss (blitz)"]

{[%evp 9,81,1,11,11,22,-8,0,0,5,0,5,-1,30,0,25,0,51,-33,-35,-40,-19,-14,-20,-23,0,0,29,30,731,727,778,743,864,861,854,837,909,906,892,892,967,961,1333,1323,1307,1300,1189,1008,1352,1352,1331,1268,1330,1255,1922,1655,1985,840,1985,1339,1862,1514,29995,29991,29991,29983,29990,29991,29991,29992,29992,29993,29993,29994]} 1. d4 e6 2. e3 d5 3. Nf3 Nf6 4. Be2 Be7 5. O-O a6 6. c4 {[#] D05: Colle System with ...e6.} Nbd7 $146 ({Predecessor:} 6... O-O 7. Nc3 c5 8. Qc2 Nc6 9. Rd1 dxc4 10. dxc5 Qa5 11. Bxc4 Bxc5 12. Ne4 Be7 13. Bd2 Rd8 14. Bxa5 {1-0 (14) Brenner,R (956)-Seillier,T (800) LSS email 2010}) 7. cxd5 exd5 8. Nc3 {The position is equal.} c6 9. b3 O-O 10. Bb2 h6 11. Rc1 Re8 12. Bd3 Nf8 (12... Bd6 $11) 13. Bb1 (13. Ne5 $14) 13... Bg4 $15 14. h3 Bxf3 15. Qxf3 Bb4 16. a3 Bxc3 17. Bxc3 Qe7 18. Bb4 $36 {[%mdl 2048] White is more active.} Qe6 $2 {[%mdl 8192] A mistake that costs the game.} (18... Qd8 $11) 19. Bf5 $18 a5 20. Bc5 Qe7 21. Bxe7 Rxe7 22. Rfd1 Rae8 23. b4 axb4 24. axb4 Ra8 {[#]} 25. b5 $1 Ree8 (25... cxb5 26. Rb1) 26. bxc6 bxc6 27. Rxc6 Ra2 28. Rc5 Ne4 29. Bxe4 dxe4 30. Qg3 Ne6 31. Re5 Rea8 {[#]} 32. Rxe6 $1 fxe6 33. d5 exd5 34. Rxd5 {White threatens Rd7 and mate.} Ra1+ 35. Kh2 {Intending Rd7 and mate.} R8a2 36. Qb8+ {White mates.} Kh7 37. Rd8 Rxf2 38. Rh8+ Kg6 39. Qg3+ {[%mdl 64] Double Attack} Kf7 40. Qxf2+ Ke6 41. Re8+ {Accuracy: White = 60%, Black = 40%.} 1-0

[Event "Stay Safe Play From Home 292"]
[Site "Emanuel Lasker Arena"]
[Date "2020.07.10"]
[Round "2"]
[White "peteranand"]
[Black "SoulofWolf"]
[Result "0-1"]
[WhiteElo "2267"]
[BlackElo "2261"]
[Annotator "TA"]
[PlyCount "138"]
[EventDate "2020.07.10"]
[EventType "swiss (blitz)"]

{[%evp 9,138,8,25,21,23,-8,3,0,11,0,20,2,12,0,11,-27,0,-42,-32,-31,-44,-41,-44,-70,-35,-63,-39,-42,-42,-95,-50,-75,-31,-68,74,-32,-10,-35,250,-35,1,-31,-35,-36,-33,-41,-30,-31,-29,-76,-77,-99,-99,-99,-99,-99,-99,-99,-99,-99,-99,-99,-99,-99,-99,-99,-99,-99,-99,-99,-99,-129,-129,-129,-129,-129,-129,-129,-122,-206,-122,-122,-122,-122,-122,-122,-122,-122,-122,-122,-122,-122,-78,-122,0,-67,61,-122,0,0,562,560,718,307,684,668,845,482,723,703,677,476,666,413,725,-335,277,-978,10,-545,-538,-1040,-955,-3239,-2818,-29993,-29994,-29995,-29996,-29996,-29988]} 1. d4 c5 2. c3 e6 3. Nf3 Nf6 4. Bg5 a6 5. e3 b6 6. Nbd2 {[#] A46: 1 d4 Nf6 2 Nf3 e6: Torre, London and Colle Systems.} Bb7 $146 ({Predecessor:} 6... Be7 7. Bd3 d6 8. O-O Nbd7 9. Qe2 O-O 10. e4 e5 11. dxe5 Nxe5 12. Nxe5 dxe5 {½-½ (84) Duer,W (2280)-Czoeppan,T (2075) Wattens 1995}) 7. Rc1 h6 8. Bh4 {The position is equal.} d6 9. Bd3 Nbd7 (9... g5 $5 10. Bg3 $8 g4 $11) 10. O-O Be7 11. Qe2 O-O 12. Bg3 b5 13. Bb1 Nh5 14. Qd3 {[%csl Gb1][%cal Rd3h7]} g6 15. Rfe1 Rc8 16. Qc2 c4 17. a3 a5 18. Qd1 a4 19. Rf1 (19. Be4 $15 d5 20. Bc2) 19... Qb6 20. Ne4 Qc6 21. Ned2 g5 {[#]} (21... Nxg3 $15 22. hxg3 Qb6) 22. Be4 (22. d5 $1 $16 {[%cal Rd5c6][%mdl 512]} Qc5 (22... Qxd5 23. Be4) 23. Ne4 Qxd5 24. Nxd6) 22... d5 23. Bb1 {White wants to play Ne5.} f5 $2 {[%mdl 8192]} (23... Nxg3 $15 24. hxg3 f5) 24. Be5 $2 (24. Ne5 $18 Nxe5 25. Qxh5) 24... Ndf6 25. Bxf6 Nxf6 26. Ne5 Qc7 27. f4 g4 28. h3 {[%cal Rh3g4]} h5 $1 29. hxg4 hxg4 30. g3 Kg7 31. Kg2 Rh8 32. Rh1 Bd6 33. Qe2 Qe7 34. Rcg1 Rcf8 35. Qf1 Qe8 36. Rxh8 Rxh8 37. Rh1 Qg8 38. Qg1 Rh7 39. Rxh7+ Qxh7 40. Qh2 Qxh2+ 41. Kxh2 Nh5 42. Kg2 Kf6 43. Kf2 Ke7 44. Ke2 (44. Bc2 $17) 44... Nf6 ({Black should try} 44... Nxg3+ $19 45. Kf2 Nh5 46. Ng6+ Kf7 47. Ne5+ Kg7) 45. Kf2 $17 Ba8 46. Ke2 Ne8 47. Ng6+ Kd7 48. Ne5+ Kc8 49. Kf2 Nc7 50. Nf1 Na6 51. Ng6 {intending Nh4.} Kd7 (51... Bc6 $17 52. Nd2 Nb8) 52. Nh2 (52. Nh4 $11) 52... Bc7 ({Better is} 52... Be7 $1 $15) 53. Ne5+ $2 (53. Nh4 $1 $14 {stays ahead.}) 53... Kc8 (53... Ke8 $17 54. Nf1 Nb8) 54. Ng6 $1 $11 {[%cal Rg6f8] Threatens to win with Nf8.} Nb8 $2 {[%mdl 8192]} (54... Kd7 $11 {and Black stays safe.}) 55. Nf8 $18 e5 {With the idea ...e4.} 56. Ne6 (56. Bxf5+ $142 Kd8 57. Ne6+ Kd7 58. dxe5) 56... Kd7 $2 (56... e4 57. Ng7 Kd7 58. Nxf5 Ke6) 57. Bxf5 Kd6 58. Nc5 Bb6 (58... exd4 $142 59. exd4 Bb6) 59. fxe5+ Ke7 60. Nxg4 Nc6 61. Be6 Nxd4 (61... Bxc5 $142 62. Bxd5 Nxe5 63. Nxe5 Bxa3) 62. Nf6 $4 {[%mdl 8192]} (62. exd4 $18 Bxc5 63. Bg8) 62... Nc2 $4 {[%mdl 8192]} (62... Nxe6 $19 {and life is good for Black.} 63. Ng8+ Kf7 64. Nh6+ Kg6 65. Nxe6 Kxh6) 63. e4 $4 {[%mdl 8192]} (63. Nfd7 $18 Ba7 64. Bf5) 63... dxe4 $2 (63... Bxc5+ $19 64. Ke2 Kxe6 65. Nxd5 Kxe5) 64. Ng8+ $2 {[%mdl 8192]} (64. Nfd7 $11 Ba7 65. Ke2) 64... Kf8 $19 65. Kg1 Bxc5+ 66. Kh2 e3 {( -> ...e2)} 67. g4 e2 {Black mates.} 68. Kh3 e1=Q 69. Bd5 Bd6 {Accuracy: White = 42%, Black = 48%.} 0-1

[Event "Stay Safe Play From Home 292"]
[Site "Emanuel Lasker Arena"]
[Date "2020.07.10"]
[Round "2"]
[White "Lamborghini"]
[Black "Broken sword"]
[Result "0-1"]
[WhiteElo "2212"]
[BlackElo "2475"]
[Annotator "TA"]
[PlyCount "112"]
[EventDate "2020.07.10"]
[EventType "swiss (blitz)"]

{[%evp 9,112,35,35,-16,22,20,26,14,19,0,11,-25,-32,-73,29,30,27,27,62,44,55,36,48,49,37,-18,71,75,65,62,70,41,39,0,8,12,29,0,0,0,20,10,43,46,65,55,57,53,54,3,40,0,90,-127,103,95,343,308,306,207,543,428,441,439,415,367,441,396,431,0,431,399,459,-60,114,114,194,180,195,197,209,13,14,8,8,-33,-33,-809,-786,-1897,-1848,-1708,-1678,-29989,-29990,-29993,-29994,-29994,-29994,-29994,-29994,-29994,-29995,-29995,-5298]} 1. e4 e6 2. d4 c5 3. Nf3 a6 4. d5 exd5 5. Qxd5 Nf6 {[#]} 6. Qd1 $146 {B40: Sicilian: 2...e6, Unusual lines.} (6. Qd3 $14) ({Predecessor:} 6. Qe5+ Qe7 7. Bc4 Nc6 8. Qxe7+ Bxe7 9. Ng5 O-O 10. Bd3 d6 11. Nc3 b5 12. h4 {0-1 (43) Newton,D (515)-Jas,M (1030) LSS email 2012}) 6... d6 7. Nc3 Nc6 8. Bf4 {White has an edge.} Be7 9. h3 Be6 10. Qd2 b5 11. O-O-O {[#]} b4 (11... Qa5 $1 $17 {And now ...b4 would win.} 12. Qe3 (12. Bxd6 b4 $17) 12... b4) 12. Nd5 $36 {[%mdl 2048] White has some pressure.} Bxd5 13. exd5 Nb8 14. g4 Nbd7 15. g5 Nh5 $1 16. Be3 g6 17. Qe2 ({White should play} 17. h4 $14) 17... Qa5 (17... O-O $11 {remains equal.}) 18. Kb1 $16 O-O 19. Nd2 Rfe8 20. Nc4 Qc7 21. Qg4 Nb6 22. Be2 (22. Bd2 {is interesting.} Bf8 23. f4 Bg7 24. f5 Bd4 25. Bd3) 22... Nxc4 23. Bxc4 Bf8 24. Rhe1 a5 25. f4 a4 26. f5 a3 27. f6 axb2 28. Bf2 Qa7 29. Re4 (29. Rxe8 $14 Rxe8 30. Kxb2) 29... Qa3 $1 $11 30. Rde1 Rxe4 (30... Reb8 $11 31. Bb3 Kh8) 31. Qxe4 $2 {[#]} (31. Rxe4 $16 h6 32. h4) 31... Qc3 $2 (31... Qxh3 $17 {stays on course.} 32. Bd3 h6) 32. Qd3 $16 Qxd3 $2 (32... Qa3 $16 {was worth a try.}) 33. cxd3 $18 Nf4 34. h4 Ng2 $2 (34... b3) 35. Re2 Nf4 36. Re4 Nh5 37. Kxb2 h6 38. Kb3 Ra3+ 39. Kb2 Ra8 $1 40. d4 hxg5 41. dxc5 $2 (41. hxg5 $18 {dxc5 is the strong threat.} cxd4 42. Be1) 41... gxh4 $2 (41... Nxf6 $15 42. Re2 dxc5 43. hxg5 Nh5) 42. c6 $16 h3 (42... g5 $16) 43. Rh4 $18 Nxf6 44. Rxh3 Ne4 45. Bd4 $2 ({White has to play} 45. Bb6 $18) 45... Bg7 $11 46. Bxg7 Kxg7 {[%mdl 4096] Endgame KRB-KRN} 47. Re3 Nc5 $1 48. Ba6 $2 {[%mdl 8192]} (48. a3 $15) 48... Nxa6 $19 {KRN-KR} 49. c7 Nxc7 50. Re7 Nxd5 51. Kb3 Nxe7 {Black mates.} 52. a4 bxa3 53. Ka2 Rb8 54. Ka1 d5 55. Ka2 d4 56. Ka1 d3 {Accuracy: White = 54%, Black = 54%.} 0-1

[Event "Stay Safe Play From Home 292"]
[Site "Emanuel Lasker Arena"]
[Date "2020.07.10"]
[Round "2"]
[White "Haxhi Baha"]
[Black "Edmatuag"]
[Result "1-0"]
[WhiteElo "1988"]
[BlackElo "1625"]
[Annotator "TA"]
[PlyCount "77"]
[EventDate "2020.07.10"]
[EventType "swiss (blitz)"]

{[%evp 9,77,-38,-35,-43,-29,-52,-57,-72,-45,-45,-45,-43,-43,-49,-33,-43,26,-5,21,-40,125,64,74,-50,-5,31,100,-3,-4,-142,1035,1012,1322,1313,1312,1312,1309,1291,1274,1001,1051,986,1169,1160,1310,950,950,970,986,976,1046,908,1045,793,1041,834,1122,1014,1515,1440,1528,1678,1589,1485,2266,2199,29991,29990,29992,29993]} 1. e4 c6 2. Nf3 d5 3. Nc3 d4 4. Ne2 c5 5. d3 Nc6 6. h3 {B11: Caro-Kann: Two Knights Variation.} e5 {[#]} 7. Nd2 $146 ({Predecessor:} 7. g3 h6 8. Bg2 Be6 9. b3 Bd6 10. Nd2 Nge7 11. Nc4 Qc7 12. f4 exf4 13. Nxd6+ Qxd6 14. Bxf4 {0-1 (39) Niebergall,G (1852)-Becker,W (1778) Playchess.com INT 2020}) 7... Be6 8. f4 {Black is slightly better.} f6 9. Nf3 Bd6 10. f5 Bf7 11. g4 Nge7 12. Ng3 g6 (12... h6 $15) 13. Be2 Qd7 14. Bh6 (14. g5 $11) 14... O-O-O $2 {[#]} (14... Rg8 $15 {keeps the upper hand.}) 15. Bg7 (15. g5 $1 $16) 15... gxf5 16. exf5 (16. Bxh8 $16 Rxh8 17. gxf5 (17. Nxf5 Nxf5 18. gxf5 Bf8 $14)) 16... Rhg8 17. Bxf6 {aiming for Ng5.} Bd5 (17... Nd5 $14 18. Bxd8 Qxd8) 18. Bxe7 (18. Bh4 $16) 18... Qxe7 $11 19. Qd2 (19. Ne4 $11 {keeps the balance.}) 19... Qh4 $2 {[%mdl 8192] Now Black is done in.} (19... e4 $17 20. Nxe4 Bxe4 21. dxe4 Qxe4) 20. Nxh4 $18 e4 21. Nxe4 Bxe4 22. dxe4 Bg3+ 23. Kf1 Bxh4 24. Qf4 Bg5 25. Qf2 Be3 26. Qg3 Rde8 27. Bf3 Ne5 28. Kg2 h5 29. c3 d3 30. Rhe1 Bg5 31. Rad1 c4 32. b3 b5 33. bxc4 bxc4 34. Rb1 Re7 35. Qf2 {[#] Hoping for Qc5+.} Rc7 36. Qd4 Nc6 37. Qd5 {White wants to mate with Qe6+.} Be7 38. Qxg8+ Kd7 39. e5 {Accuracy: White = 41%, Black = 29%.} 1-0

[Event "Stay Safe Play From Home 292"]
[Site "Emanuel Lasker Arena"]
[Date "2020.07.10"]
[Round "2"]
[White "Haris kollari 13"]
[Black "Bardellosport"]
[Result "0-1"]
[WhiteElo "1726"]
[BlackElo "1940"]
[Annotator "NA"]
[PlyCount "62"]
[EventDate "2020.07.10"]
[EventType "swiss (blitz)"]

1. e4 {[%emt 0:00:01]} e5 {[%emt 0:00:01]} 2. f4 {[%emt 0:00:01]} d5 {[%emt 0:00:01]} 3. d4 {[%emt 0:00:01]} exf4 {[%emt 0:00:00]} 4. e5 {[%emt 0:00:01]} c5 {[%emt 0:00:01]} 5. c3 {[%emt 0:00:01]} cxd4 {[%emt 0:00:01]} 6. cxd4 {[%emt 0:00:01]} g5 {[%emt 0:00:00]} 7. Nc3 {[%emt 0:00:02]} f5 {[%emt 0:00:00]} 8. Nf3 {[%emt 0:00:02]} g4 {[%emt 0:00:02]} 9. Nd2 {[%emt 0:00:03]} Qh4+ {[%emt 0:00:01]} 10. Ke2 {[%emt 0:00:02]} b6 {[%emt 0:00:02]} 11. Qa4+ {[%emt 0:00:06]} Bd7 {[%emt 0:00:02]} 12. Qb3 {[%emt 0:00:02]} f3+ {[%emt 0:00:02]} 13. gxf3 {[%emt 0:00:02]} gxf3+ {[%emt 0:00:01]} 14. Nxf3 {[%emt 0:00:01]} Qe7 {[%emt 0:00:01]} 15. Nxd5 {[%emt 0:00:02]} Be6 {[%emt 0:00:07]} 16. Bg5 {[%emt 0:00:04]} Qd7 {[%emt 0:00:01]} 17. Nc7+ {[%emt 0:00:06]} Qxc7 {[%emt 0:00:04]} 18. Qxe6+ {[%emt 0:00:01]} Be7 {[%emt 0:00:02]} 19. Qxf5 {[%emt 0:00:03]} h6 {[%emt 0:00:02]} 20. Bxe7 {[%emt 0:00:02]} Qxe7 {[%emt 0:00:01]} 21. Bh3 {[%emt 0:00:02]} Nd7 {[%emt 0:00:02]} 22. Qg6+ {[%emt 0:00:01]} Kd8 {[%emt 0:00:02]} 23. Rac1 {[%emt 0:00:02]} Rc8 {[%emt 0:00:01]} 24. Rxc8+ {[%emt 0:00:02]} Kxc8 {[%emt 0:00:00]} 25. Rc1+ {[%emt 0:00:01]} Kb7 {[%emt 0:00:01]} 26. Qc6+ {[%emt 0:00:01]} Ka6 {[%emt 0:00:02]} 27. Bxd7 {[%emt 0:00:00]} Qb4 {[%emt 0:00:02]} 28. Bc8+ {[%emt 0:00:01]} Ka5 {[%emt 0:00:01]} 29. a3 {[%emt 0:00:01]} Qxb2+ {[%emt 0:00:00]} 30. Rc2 {[%emt 0:00:01]} Qb5+ {[%emt 0:00:01]} 31. Qxb5+ {[%emt 0:00:04]} Kxb5 {[%emt 0:00:00] Time (Lag: Av=0.41s, max=0.5s)} 0-1

[Event "Stay Safe Play From Home 292"]
[Site "Emanuel Lasker Arena"]
[Date "2020.07.10"]
[Round "2"]
[White "Klasman"]
[Black "Greblah"]
[Result "0-1"]
[WhiteElo "1388"]
[BlackElo "1856"]
[Annotator "NA RC"]
[PlyCount "44"]
[EventDate "2020.07.10"]
[EventType "swiss (blitz)"]

1. f4 {[%emt 0:00:03]} c6 {[%emt 0:00:00]} 2. e4 {[%emt 0:00:01]} d5 {[%emt 0:00:00]} 3. e5 {[%emt 0:00:01]} Bf5 {[%emt 0:00:01]} 4. d4 {[%emt 0:00:03]} e6 {[%emt 0:00:01]} 5. c4 {[%emt 0:00:01]} dxc4 {[%emt 0:00:02]} 6. Bxc4 {[%emt 0:00:04]} Ne7 {[%emt 0:00:00]} 7. Nf3 {[%emt 0:00:04]} Nd7 {[%emt 0:00:01]} 8. Qb3 {[%emt 0:00:02]} Nb6 {[%emt 0:00:01]} 9. Bd3 {[%emt 0:00:05]} Bxd3 {[%emt 0:00:01]} 10. Qxd3 {[%emt 0:00:01]} Ned5 {[%emt 0:00:01]} 11. Nc3 {[%emt 0:00:02]} Bb4 {[%emt 0:00:02]} 12. O-O {[%emt 0:00:02]} g6 {[%emt 0:00:01]} 13. Ng5 {[%emt 0:00:04]} h6 {[%emt 0:00:01]} 14. Nh3 {[%emt 0:00:03]} Nxc3 {[%emt 0:00:03]} 15. bxc3 {[%emt 0:00:02]} Be7 {[%emt 0:00:01]} 16. g4 {[%emt 0:00:03]} h5 {[%emt 0:00:03]} 17. gxh5 {[%emt 0:00:05]} Rxh5 {[%emt 0:00:02]} 18. Ng5 {[%emt 0:00:04]} Bxg5 {[%emt 0:00:02]} 19. fxg5 {[%emt 0:00:01]} Qe7 {[%emt 0:00:04]} 20. Qf3 {[%emt 0:00:04]} O-O-O {[%emt 0:00:02]} 21. Qxf7 {[%emt 0:00:03]} Qxf7 {[%emt 0:00:02]} 22. Rxf7 {[%emt 0:00:01]} Rd7 {[%emt 0:00:01] Time (Lag: Av=0.34s, max=0.4s)} 0-1

[Event "Stay Safe Play From Home 292"]
[Site "Emanuel Lasker Arena"]
[Date "2020.07.10"]
[Round "3"]
[White "Broken sword"]
[Black "Mepe_Nika"]
[Result "1-0"]
[WhiteElo "2482"]
[BlackElo "2373"]
[Annotator "TA"]
[PlyCount "139"]
[EventDate "2020.07.10"]
[EventType "swiss (blitz)"]

{[%evp 9,139,35,77,72,84,66,84,53,43,-21,12,9,1,-10,-13,-10,0,-27,22,17,45,-20,-10,-24,0,-5,0,-51,-53,-48,-47,-79,-28,-62,-58,-119,-114,-116,-129,-143,-137,-144,-118,-153,-146,-190,-151,-200,-181,-260,-225,-324,-310,-314,0,-219,-148,-148,-134,-133,-133,-189,-50,-775,-775,-760,-741,-700,-209,-196,-227,-251,-251,-208,-8,-18,-18,-19,-72,-163,-147,-100,-131,-159,-46,-36,-42,-42,-8,-8,0,-8,-8,-8,-8,-8,-8,-197,8,8,8,0,13,0,0,-29981,29984,29985,29987,29987,29988,29983,29987,29983,29986,29983,29983,29982,29989,29990,29991,0,0,0,0,-5710,29991,-29984,29995,-29974,29995,0]} 1. e4 g6 2. d4 Bg7 3. Nc3 d6 4. Be3 c6 5. a4 a5 6. Qd2 {B06: Modern Defence.} Na6 {[%cal Bb8a6,Ba6b4,Bb4d5][%mdl 32]} 7. h3 Nb4 8. f4 {White is better.} Nf6 9. Nf3 (9. O-O-O $14) 9... O-O {[#]} 10. Be2 $146 ({Predecessor:} 10. g4 d5 11. e5 Ne4 12. Nxe4 dxe4 13. Ng5 f5 14. gxf5 Bxf5 15. Bg2 Qd5 16. c3 {0-1 (44) Kotlyar,D (2200)-Kalinichev,A (2275) Dresden 2002}) 10... Qc7 11. e5 Nfd5 12. Nxd5 Nxd5 13. Bf2 dxe5 14. fxe5 f6 {[%cal Rf6e5]} 15. exf6 (15. Bg3 $14) 15... exf6 $11 16. O-O Bf5 17. Bc4 Kh8 18. Bxd5 (18. Rae1 $11) 18... cxd5 $15 19. c3 Rae8 20. Rae1 Be4 (20... Qc4 $17) 21. Be3 Qd7 22. Bh6 ({Better is} 22. Qd1 $15) 22... Qxa4 $17 23. Bxg7+ Kxg7 24. Nh2 h5 25. Rf2 Re6 26. Ref1 Rfe8 27. Qf4 Qd7 28. Qc1 b5 29. Qa1 (29. Qd2 {is a better defense.}) 29... Qc7 30. Qc1 (30. Re1 {keeps fighting.}) 30... Bd3 $19 31. Rd1 Be4 $2 ({Black should try} 31... Bc4 $19 {And now ...a4 would win.} 32. Qb1 R8e7) 32. Qd2 $2 (32. Rdf1 $1 $11) 32... Qg3 33. Nf1 Qg5 34. Qxg5 fxg5 35. Nd2 (35. Re2 $17) 35... Rf8 (35... Bd3 $19 {Strongly threatening ...g4.} 36. Nb3 Re1+ 37. Rxe1 Rxe1+ 38. Kh2 a4) 36. Nb3 $2 {[%mdl 8192]} (36. Re2 $15) 36... Rxf2 37. Kxf2 {[%mdl 4096] Endgame KRB-KRN} Rf6+ 38. Kg1 a4 $2 (38... Bc2 39. Ra1 Bxb3 40. Rxa5 Bc4) 39. Nc5 g4 $1 40. hxg4 hxg4 41. Re1 Bf5 $2 (41... g3 $1 $19 {Hoping for ...Rf2.} 42. Rf1 Rf5) 42. Kf2 Rf7 43. Kg3 Ra7 {White must now prevent ...a3.} 44. Re5 (44. Ne6+ $17 Kf6 45. Nf4) 44... a3 45. bxa3 Rxa3 {Threatens to win with ...b4.} 46. Rxd5 {intending Kf4.} Rxc3+ ({Black should play} 46... b4 $1 $17 {[%cal Rb4c3]} 47. Kf4 b3) 47. Kf4 $15 b4 {...b3 is the strong threat.} 48. Rd6 b3 49. Rb6 Rc4 50. Ke5 Rc2 51. Rxb3 Rxg2 52. d5 Re2+ 53. Kd6 $2 (53. Kf4 $11) 53... g3 $2 (53... Kf6 $19 {aiming for ...Kg5.} 54. Ra3 Rc2) 54. Rxg3 $11 Kf6 55. Rc3 Rd2 56. Rc4 g5 57. Rd4 $2 {[%mdl 8192]} (57. Ne4+ $11 Bxe4 58. Rxe4) 57... g4 $4 {[%mdl 8192]} (57... Rxd4 58. Nb3 Rd1 $1 {[%mdl 512]} 59. Na5 Be4 60. Kc5 Bxd5 61. Kb4 g4 62. Kc3 g3 63. Kc2 g2 $1 {[%mdl 512]} 64. Kxd1 g1=Q+ 65. Kd2 Qd4+ 66. Kc2 Kg5 67. Nc6 Bxc6 68. Kb3 Be4 69. Ka3 Qc3+ 70. Ka2 Qb4 71. Ka1 Qb1#) 58. Rxd2 Kg5 59. Rg2 Kf4 60. Rg1 Kf3 61. Ne6 Kf2 62. Ra1 g3 63. Nd4 g2 64. Nxf5 Kf3 65. Ra2 $2 (65. Ke5 Kf2 66. d6 g1=B 67. Ke4 Bh2 68. Ra2+ Ke1 69. Rxh2 Kf1 70. Rc2 Ke1 71. Kf3 Kd1 72. Ne3+ Ke1 73. Re2#) 65... g1=Q 66. Ra3+ Kf4 67. Nd4 $2 {[%mdl 8192]} (67. Ne7 $11) 67... Kg5 $4 {[%mdl 8192]} (67... Qxd4 $19 68. Rb3 Ke4) 68. Rg3+ $4 {[%mdl 8192]} (68. Nf3+ {is the narrow road to win.} Kf4 69. Nxg1 Ke4 70. Rf3 Kd4 71. Kc6 Ke5 72. d6 Kd4 73. d7 Kc4 74. d8=Q Kb4 75. Qh4+ Ka5 76. Ra3#) 68... Kh6 $4 {[%mdl 8192]} (68... Qxg3+ 69. Kd7 Qg4+ 70. Ne6+ Kf5 71. Nc7 Ke5+ 72. Kc6 Qa4+ 73. Kc5 Qc2+ 74. Kb6 Qc4 75. Nb5 Qxd5 76. Ka5 Qc5 $1 {[%mdl 512]} 77. Ka4 Qc4+ 78. Ka5 Kd5 79. Na3 Qb3 80. Nb5 Kc5 81. Ka6 Qxb5+ 82. Ka7 Kc6 83. Ka8 Qb7#) 69. Ne6 $4 {[%mdl 8192]} (69. Rxg1 {and all is fine.} Kh5 70. Nf3 Kh6 71. Ke7 Kh5 72. Kf6 Kh6 73. Rh1#) 69... Kh7 $4 {[%mdl 8192]} (69... Qxg3+ {avoids the disaster.} 70. Kc6 Kg6 71. Nc5 Kf5 72. d6 Qg2+ 73. Kb5 Ke5 74. d7 Qd5 75. Kb4 {[#]} Qd6 $1 {[%mdl 512]} 76. Kc4 Qc7 77. Kd3 Qd6+ 78. Ke2 Kd5 79. Nb3 Qxd7 80. Nd2 Qg7 81. Kd3 Qe5 82. Nb3 Qe4+ 83. Kd2 Qb4+ 84. Kc2 Qc4+ 85. Kb2 Qb4 $1 {[%mdl 512]} 86. Kc2 Qc4+ 87. Kb2 Qd3 88. Nc1 Qd2+ 89. Kb1 Kc4 90. Na2 Kb3 91. Nc1+ Kb4 92. Ne2 Ka3 93. Ng3 Qd1#) 70. Rh3+ $2 {[%mdl 32768] Accuracy: White = 47%, Black = 48%. . Loss on time!?} (70. Rxg1 {mates} Kh6 71. Ke5 Kh7 72. Kf6 Kh8 73. Kf7 Kh7 74. Rh1#) 1-0